[Event "Ä17Â"]
[Site "Loo"]
[Date "2017.04.23"]
[Round "4.1"]
[White "Âîðîáüåâà, Âàëåðèÿ."]
[Black "Ãîëüöåâà, Åêàòåðèíà."]
[Result "0-1"]
[WhiteElo "1898"]
[BlackElo "2211"]
[PlyCount "86"]
[EventDate "2017.04.20"]

1. d4 d5 2. c4 dxc4 3. e3 e5 4. Bxc4 exd4 5. exd4 Bd6 6. Nf3 Nf6 7. O-O O-O 8.
h3 h6 9. Nc3 Nc6 10. a3 Bf5 11. Be3 a6 12. Re1 Re8 13. Nh4 Be6 14. Bxe6 Rxe6
15. Nf5 Ne7 16. Qf3 Nxf5 17. Qxf5 Qd7 18. Qf3 c6 19. Rad1 Nd5 20. Kh1 Nxc3 21.
bxc3 Bxa3 22. c4 Bb4 23. Rf1 Rf6 24. Qe2 Re8 25. Qb2 a5 26. c5 Re4 27. Qb3 Rf3
28. Kg1 Rh4 29. d5 Rfxh3 30. f3 Rh1+ 31. Kf2 Rxf1+ 32. Rxf1 Qxd5 33. Qxd5 cxd5
34. Rd1 d4 35. Rxd4 Rxd4 36. Bxd4 f6 37. Ke3 Kf7 38. Ke4 Ke6 39. g4 g6 40. Be3
h5 41. gxh5 gxh5 42. Kd4 Be1 43. Bf4 h4 0-1

[Event "Ä17Â"]
[Site "Loo"]
[Date "2017.04.23"]
[Round "4.2"]
[White "Íîñà÷åâà, Ìàðèÿ."]
[Black "Çîòîâà, Àíàñòàñèÿ."]
[Result "1-0"]
[WhiteElo "2063"]
[BlackElo "2067"]
[PlyCount "49"]
[EventDate "2017.04.20"]

1. e4 c5 2. Nf3 d6 3. d4 cxd4 4. Nxd4 Nf6 5. Nc3 a6 6. Be3 e5 7. Nb3 Be6 8. Qd2
Nbd7 9. f4 Rc8 10. f5 Bc4 11. O-O-O Be7 12. g4 Nxg4 13. Rg1 Nxe3 14. Qxe3 Bxf1
15. Rdxf1 h6 16. Kb1 Bg5 17. Qg3 b5 18. Nd5 Nb6 19. h4 Nxd5 20. hxg5 Nf4 21.
gxh6 gxh6 22. Qg7 Ke7 23. f6+ Ke6 24. Nd4+ exd4 25. Qg4+ 1-0

[Event "Ä17Â"]
[Site "Loo"]
[Date "2017.04.23"]
[Round "4.3"]
[White "Ñàêîðåíêî, Àäðèàíà."]
[Black "Êî÷óêîâà, Àííà."]
[Result "0-1"]
[WhiteElo "2007"]
[BlackElo "2035"]
[PlyCount "106"]
[EventDate "2017.04.20"]

1. d4 Nf6 2. Nf3 e6 3. Bf4 c5 4. e3 d5 5. c3 Nc6 6. Nbd2 Bd6 7. Bg3 O-O 8. Bb5
Ne7 9. Bd3 Ng6 10. O-O Qc7 11. Qe2 Bd7 12. Rfc1 b6 13. c4 Bxg3 14. hxg3 Qd6 15.
dxc5 Qxc5 16. Nb3 Qe7 17. cxd5 Nxd5 18. Be4 Rac8 19. Bxd5 exd5 20. Qd2 Be6 21.
Rxc8 Rxc8 22. Rc1 Rxc1+ 23. Qxc1 h6 24. Nbd4 Qd7 25. Qc2 Ne7 26. Ne5 Qc8 27.
Qxc8+ Nxc8 28. f4 Nd6 29. g4 Kf8 30. Kf2 Bc8 31. Kf3 Nc4 32. Nd3 Nd2+ 33. Ke2
Ne4 34. f5 Ba6 35. Nc6 Nc5 36. Ncb4 Nxd3 37. Nxd3 Ke7 38. Kd2 Kd6 39. Nf4 Ke5
40. Ke1 Bb5 41. Kf2 d4 42. Nh5 d3 43. Ke1 g6 44. Ng3 Bc6 45. Kd2 Bxg2 46. Kxd3
Bf3 47. fxg6 fxg6 48. g5 h5 49. Kd2 h4 50. Nf1 Kf5 51. Nh2 Bd5 52. a3 Kxg5 53.
Ke2 Kf5 0-1

[Event "Ä17Â"]
[Site "Loo"]
[Date "2017.04.23"]
[Round "4.4"]
[White "Ýðäûíèåâà, Îþíà."]
[Black "Íàçàðîâà, Àíàñòàñèÿ."]
[Result "1/2-1/2"]
[WhiteElo "2183"]
[BlackElo "1964"]
[PlyCount "122"]
[EventDate "2017.04.20"]

1. d4 d5 2. c4 e6 3. Nc3 Nf6 4. cxd5 exd5 5. Bg5 Be7 6. e3 c6 7. Bd3 Nbd7 8.
Nf3 Ne4 9. Bf4 Ndf6 10. Qc2 O-O 11. O-O Re8 12. Ne5 Bf8 13. f3 Nd6 14. g4 g6
15. h4 Be6 16. h5 Nd7 17. hxg6 hxg6 18. Qh2 Nc8 19. Kf2 Bg7 20. Nxd7 Bxd7 21.
Rh1 Be6 22. Be5 Kf8 23. Bxg7+ Kxg7 24. Qe5+ f6 25. Qh2 Rh8 26. Qxh8+ Qxh8 27.
Rxh8 Kxh8 28. Bxg6 Kg7 29. Bd3 Nd6 30. Rh1 Bg8 31. Rh5 Nf7 32. Ne2 Re8 33. Nf4
Ng5 34. Bf5 Rb8 35. Rh1 Re8 36. b4 Ra8 37. Rc1 Bf7 38. b5 Be8 39. bxc6 Bxc6 40.
Rc5 Rh8 41. Kg2 Re8 42. Kf2 Rh8 43. Kg2 Re8 44. Nxd5 Bxd5 45. Rxd5 Rxe3 46.
Rd7+ Kf8 47. f4 Nh3 48. Rxb7 Nxf4+ 49. Kf1 Ra3 50. Rb2 Ke7 51. Be4 Ke6 52. Rf2
Nd5 53. Bxd5+ Kxd5 54. Rxf6 Kxd4 55. Rf2 Ke5 56. Kg2 Rc3 57. g5 Ke6 58. Kh2 Rc5
59. Rg2 Kf7 60. Kh3 Kg6 61. Kh4 Ra5 1/2-1/2

[Event "Ä17Â"]
[Site "Loo"]
[Date "2017.04.23"]
[Round "4.5"]
[White "Êîðîë¸âà, Åâãåíèÿ."]
[Black "Ïåòðî÷åíêî, Ìàðèÿ."]
[Result "0-1"]
[WhiteElo "1909"]
[BlackElo "2141"]
[PlyCount "98"]
[EventDate "2017.04.20"]

1. d4 d5 2. c4 c6 3. cxd5 cxd5 4. Nc3 Nf6 5. Bf4 Qb6 6. Nf3 Nc6 7. a3 Bf5 8.
Na4 Qd8 9. h3 a6 10. Rc1 Rc8 11. Nc5 Ne4 12. Nb3 e6 13. e3 Bd6 14. Ne5 Nxe5 15.
Bxe5 Bxe5 16. dxe5 O-O 17. Rxc8 Qxc8 18. Bd3 Qc7 19. g4 Bg6 20. f4 Qb6 21. Nd4
Qxb2 22. O-O Nc3 23. Qc2 Qxc2 24. Bxc2 Bxc2 25. Nxc2 Rc8 26. Nd4 Ne4 27. f5
exf5 28. gxf5 Nd2 29. Rf2 Nc4 30. e6 f6 31. Rc2 Nd6 32. Rxc8+ Nxc8 33. Kf2 Kf8
34. Kf3 Nd6 35. Kf4 g6 36. fxg6 hxg6 37. Nb3 b6 38. h4 Ke7 39. Nd4 Nb5 40. Nc6+
Kxe6 41. a4 Nc3 42. a5 Kd6 43. Nb4 bxa5 44. Nxa6 Na2 45. e4 d4 46. e5+ fxe5+
47. Kg5 d3 48. Kxg6 d2 49. h5 d1=Q 0-1

[Event "Ä17Â"]
[Site "Loo"]
[Date "2017.04.23"]
[Round "4.6"]
[White "Êîçèíà, Àíàñòàñèÿ."]
[Black "Ãûðãåíîâà, Åêàòåðèíà."]
[Result "1-0"]
[WhiteElo "2117"]
[BlackElo "1849"]
[PlyCount "109"]
[EventDate "2017.04.20"]

1. e4 c5 2. Nf3 d6 3. d4 cxd4 4. Nxd4 Nf6 5. Nc3 a6 6. Bg5 Nbd7 7. f4 Qc7 8.
Qf3 b5 9. e5 Bb7 10. exd6 Qb6 11. Qe3 e6 12. O-O-O Bxd6 13. Kb1 O-O 14. Qh3
Rfe8 15. Bd3 b4 16. Na4 Qa5 17. b3 Rac8 18. Rhe1 h6 19. Bxf6 Nxf6 20. Ne2 Nd5
21. f5 e5 22. Be4 Be7 23. Qf3 Red8 24. Rd3 Rd6 25. Red1 Rcd8 26. Nb2 Nc3+ 27.
Nxc3 bxc3 28. Bxb7 cxb2 29. Bd5 Qa3 30. Qe4 Kf8 31. Qxe5 Bf6 32. Qe4 Qc5 33. b4
Qc7 34. c4 a5 35. b5 Qc5 36. Qe3 Qb4 37. c5 R6d7 38. c6 Rd6 39. b6 Re8 40. Qf2
a4 41. b7 Qa5 42. Qc2 Qc7 43. Qxa4 Rdd8 44. Qb4+ Be7 45. Qc4 Bf6 46. a4 Re7 47.
Qc5 Kg8 48. a5 Re2 49. a6 Be7 50. Qb5 Qb8 51. Bxf7+ Kxf7 52. Rxd8 Bxd8 53. Qxe2
Kf8 54. Qe6 Bf6 55. Qd6+ 1-0

[Event "Ä17Â"]
[Site "Loo"]
[Date "2017.04.23"]
[Round "4.7"]
[White "Ãàðìàø, Àëåíà."]
[Black "Ãîëîâêèíà, Àíàñòàñèÿ."]
[Result "0-1"]
[WhiteElo "1844"]
[BlackElo "2061"]
[PlyCount "102"]
[EventDate "2017.04.20"]

1. d4 d5 2. Nf3 Nf6 3. c4 e6 4. Nc3 Be7 5. Bf4 O-O 6. e3 c6 7. Bd3 Nbd7 8. cxd5
exd5 9. h3 a6 10. O-O c5 11. a4 b6 12. Ne5 Bb7 13. Rc1 Re8 14. Qf3 Nf8 15. g4
cxd4 16. exd4 Ne6 17. Be3 Rf8 18. Ne2 Bd6 19. Bf5 Qe7 20. Nd3 Ne4 21. Bxe6 fxe6
22. Qg2 b5 23. axb5 axb5 24. f3 Nf6 25. Ne5 Ra2 26. Nc3 Ra5 27. Qe2 b4 28. Nd1
Ba6 29. Qd2 Bxf1 30. Nc6 Qf7 31. Nxa5 Bxh3 32. Nf2 Nd7 33. Nxh3 Qxf3 34. Nf2
Qg3+ 35. Kf1 Qxg4 36. Qe2 Qf5 37. Nb3 e5 38. Qc2 Qh3+ 39. Ke2 Qf3+ 40. Kd2 Nb6
41. Na5 exd4 42. Bxd4 Bf4+ 43. Ke1 Bxc1 44. Bxb6 Bg5 45. Nb3 Re8+ 46. Kf1 Bh4
47. Qc6 Rf8 48. Qc2 Qh1+ 49. Ke2 Qf3+ 50. Kf1 Qh3+ 51. Ke1 Qe6+ 0-1

[Event "Ä17Â"]
[Site "Loo"]
[Date "2017.04.23"]
[Round "4.8"]
[White "ßíó÷åíêî, Ïîëèíà."]
[Black "Ãðèãîðüåâà, Þëèÿ."]
[Result "1/2-1/2"]
[WhiteElo "2060"]
[BlackElo "1922"]
[PlyCount "104"]
[EventDate "2017.04.20"]

1. d4 d6 2. e4 e5 3. dxe5 dxe5 4. Qxd8+ Kxd8 5. Nf3 Bd6 6. Bc4 f6 7. Be3 c6 8.
a4 b6 9. Nbd2 Kc7 10. O-O Ne7 11. c3 Nd7 12. b4 Bb7 13. Bd3 Nc8 14. Nc4 Be7 15.
Nfd2 g5 16. g3 Nd6 17. a5 Nxc4 18. Nxc4 b5 19. Nd2 a6 20. Nb3 Rag8 21. Rad1 h5
22. Rd2 Bc8 23. Bb1 f5 24. exf5 Nf6 25. Bb6+ Kb8 26. Nc5 Nd5 27. Ba2 Bxc5 28.
Bxc5 Rd8 29. Rfd1 Bxf5 30. Bxd5 cxd5 31. Rxd5 Rxd5 32. Rxd5 Re8 33. Bd6+ Kb7
34. Bxe5 Be4 35. Rc5 Bf3 36. Kf1 Rd8 37. Bd4 Rd5 38. Rxd5 Bxd5 39. f4 gxf4 40.
gxf4 Be6 41. Kf2 Kc6 42. Kg3 Kd5 43. Kh4 Bg4 44. Kg5 Ke6 45. h4 Kf7 46. f5 Be2
47. Kf4 Bc4 48. Ke5 Ke7 49. Bc5+ Kd7 50. Kf6 Ke8 51. Kg7 Bf7 52. Kh6 Kd7
1/2-1/2

[Event "Ä17Â"]
[Site "Loo"]
[Date "2017.04.23"]
[Round "4.9"]
[White "Êâà÷êî, Àíàñòàñèÿ."]
[Black "Øàôèãóëëèíà, Çàðèíà."]
[Result "0-1"]
[WhiteElo "1772"]
[BlackElo "1997"]
[PlyCount "64"]
[EventDate "2017.04.20"]

1. e4 c5 2. c3 d5 3. exd5 Qxd5 4. d4 Nc6 5. Nf3 Bg4 6. Be2 cxd4 7. cxd4 e6 8.
O-O Nf6 9. Nc3 Qa5 10. h3 Bh5 11. Be3 Bb4 12. Qb3 O-O 13. Rac1 Rab8 14. Na4 Nd5
15. a3 Bd6 16. Nc5 Qc7 17. Rfd1 h6 18. Qa4 Rfc8 19. b4 Qe7 20. Nxb7 Qxb7 21.
Ba6 Qb6 22. Bxc8 Rxc8 23. Rc4 Qb7 24. Rdc1 Nb6 25. Qb5 Bxf3 26. gxf3 a6 27. Qh5
Nxc4 28. Rxc4 Ne7 29. Rxc8+ Qxc8 30. Qg4 Nf5 31. Bf4 Bxf4 32. Qxf4 Qd7 0-1

[Event "Ä17Â"]
[Site "Loo"]
[Date "2017.04.23"]
[Round "4.10"]
[White "Ôèëèïïîâà, Äàðüÿ."]
[Black "Ñåðäèòûõ, Îëåñÿ."]
[Result "1/2-1/2"]
[WhiteElo "1996"]
[BlackElo "1915"]
[PlyCount "124"]
[EventDate "2017.04.20"]

1. d4 d5 2. c4 e6 3. Nc3 c6 4. cxd5 exd5 5. Qc2 g6 6. e3 Bf5 7. Bd3 Bxd3 8.
Qxd3 Bg7 9. f4 f5 10. Nf3 Nf6 11. O-O O-O 12. Ne5 Qe7 13. Bd2 Re8 14. b4 a6 15.
Rab1 Ne4 16. Nxe4 dxe4 17. Qe2 Nd7 18. Kh1 Qe6 19. Bc3 Nb6 20. Rg1 Nd5 21. Be1
h5 22. h3 Bxe5 23. fxe5 Kf7 24. Rf1 Rh8 25. Rb3 Ke8 26. Bh4 Kd7 27. Bg5 b5 28.
Qc2 Rhc8 29. Qc5 Rc7 30. Rb2 Rb8 31. Rc1 Nb6 32. Qc2 Nd5 33. Qd1 Rbc8 34. Rc5
Nb6 35. Rd2 Nd5 36. a3 Rb7 37. Rb2 Nb6 38. Rb1 Nd5 39. Kg1 Rbc7 40. a4 Nb6 41.
a5 Nd5 42. Qd2 Rg8 43. Qe1 Rcc8 44. Rb2 Rgf8 45. g3 Rg8 46. Rh2 Rh8 47. Kf1 Kc7
48. Ke2 Kb7 49. Kd1 Rc7 50. Kc1 Rcc8 51. Kb2 Rh7 52. Ka3 Rhh8 53. Rcc2 Rh7 54.
Rcf2 Rd7 55. Qc1 Nc7 56. Qc5 Nd5 57. Rh1 Rf7 58. Rhf1 Rcf8 59. Rg1 Rc8 60. Qc2
Rcc7 61. Rgf1 Rcd7 62. Qc5 Rc7 1/2-1/2

[Event "Ä17Â"]
[Site "Loo"]
[Date "2017.04.23"]
[Round "4.11"]
[White "Àêñåíîâà, Ìàðèÿ."]
[Black "×åìáîðèñîâà, Ýëèíà."]
[Result "1/2-1/2"]
[WhiteElo "1923"]
[BlackElo "1840"]
[PlyCount "193"]
[EventDate "2017.04.20"]

1. d4 d5 2. Nf3 e6 3. c4 f5 4. Nc3 Nf6 5. Bf4 c6 6. e3 Nbd7 7. Qc2 Ne4 8. Be2
Be7 9. O-O O-O 10. Ne5 Ndf6 11. f3 Nxc3 12. Qxc3 Nh5 13. Rad1 Nxf4 14. exf4 Qb6
15. c5 Qc7 16. b4 Bd7 17. a4 a6 18. Rb1 Bf6 19. Rb2 Bxe5 20. fxe5 b5 21. cxb6
Qxb6 22. Qc5 Rfb8 23. Rfb1 Be8 24. a5 Qc7 25. Bd1 Rb7 26. Ba4 Qd7 27. Rc1 Rc8
28. b5 axb5 29. a6 Rbb8 30. Bd1 Ra8 31. Ra2 Qa7 32. Qb4 Qb6 33. Rca1 Ra7 34.
Kh1 Rca8 35. Qd6 Kf7 36. Rc2 Qxd4 37. Rac1 Rxa6 38. Qc7+ Kg8 39. Qd6 c5 40.
Qxc5 Qxc5 41. Rxc5 Ra1 42. h3 Kf8 43. Be2 Rxc1+ 44. Rxc1 Ra3 45. Rc8 Rb3 46.
Rb8 Kf7 47. Rb7+ Kf8 48. Rb8 Ke7 49. Rb7+ Bd7 50. f4 Rb2 51. Bd3 h6 52. g4 g6
53. g5 h5 54. Kg1 Kd8 55. Rb8+ Ke7 56. Rb7 Rb3 57. Be2 d4 58. Kf2 d3 59. Bd1
Rb4 60. Ke3 Re4+ 61. Kxd3 Rxf4 62. Ke3 Re4+ 63. Kd3 Rxe5 64. Bf3 Kd6 65. Kd4
Re1 66. Rb6+ Ke7 67. Rb7 Rc1 68. Bg2 Kd8 69. Rb8+ Ke7 70. Rb7 Kd6 71. Rb6+ Bc6
72. Bxc6 Rxc6 73. Rxb5 Ra6 74. Rb4 e5+ 75. Kd3 Kc5 76. Rc4+ Kd5 77. Rc8 Ra3+
78. Ke2 Rg3 79. h4 Ra3 80. Rb8 Ra4 81. Rb6 Rxh4 82. Rxg6 Rg4 83. Rg8 Ke4 84. g6
f4 85. g7 f3+ 86. Kf1 Ke3 87. Re8 Rxg7 88. Rxe5+ Kf4 89. Rxh5 Kg3 90. Rh8 Rg4
91. Rf8 Ra4 92. Rg8+ Kh4 93. Rh8+ Kg3 94. Rg8+ Rg4 95. Rf8 Rg5 96. Rf7 Kg4 97.
Kf2 1/2-1/2

[Event "Ä17Â"]
[Site "Loo"]
[Date "2017.04.23"]
[Round "4.12"]
[White "Àôîíàñüåâà, Àííà."]
[Black "Ïåð÷, Ñîôüÿ."]
[Result "1-0"]
[WhiteElo "2213"]
[BlackElo "1802"]
[PlyCount "95"]
[EventDate "2017.04.20"]

1. d4 d5 2. Nf3 e6 3. g3 Nf6 4. Bg2 Bd6 5. O-O O-O 6. c4 b6 7. Nc3 Bb7 8. Ne5
Nbd7 9. Bf4 Qe7 10. Rc1 a6 11. Qc2 c5 12. Nxd7 Nxd7 13. Bxd6 Qxd6 14. dxc5 Nxc5
15. Rfd1 d4 16. Bxb7 Nxb7 17. Qe4 Qc7 18. Rxd4 Nd6 19. Qe5 Nb5 20. Qxc7 Nxc7
21. Rd7 Ne8 22. Ne4 Rb8 23. Rcd1 Nf6 24. Nxf6+ gxf6 25. Ra7 a5 26. Rdd7 Kg7 27.
b3 Kg6 28. Kg2 Rbc8 29. Rdb7 Rc6 30. Ra6 Rd8 31. Raxb6 Rxb6 32. Rxb6 Rd2 33. a3
Ra2 34. a4 Rxe2 35. Rb5 Rb2 36. c5 f5 37. c6 Rc2 38. Rxa5 Rxc6 39. b4 Rb6 40.
b5 Kf6 41. Ra6 Rb8 42. b6 Ke7 43. a5 Kd7 44. Ra7+ Kc8 45. Rxf7 Rb7 46. Rxb7
Kxb7 47. f4 Ka6 48. Kh3 1-0

[Event "Ä17Â"]
[Site "Loo"]
[Date "2017.04.23"]
[Round "4.13"]
[White "Õàí, Àíàñòàñèÿ."]
[Black "Òðîÿíîê, Òàòüÿíà."]
[Result "1/2-1/2"]
[WhiteElo "1868"]
[BlackElo "1902"]
[PlyCount "84"]
[EventDate "2017.04.20"]

1. e4 c5 2. Nf3 a6 3. Nc3 d6 4. d4 cxd4 5. Nxd4 Nf6 6. Bd3 e5 7. Nb3 Be7 8. O-O
O-O 9. Qe2 Nbd7 10. Rd1 Qc7 11. Bg5 h6 12. Be3 Nb6 13. a4 Be6 14. Na5 Rac8 15.
h3 Rfd8 16. Rac1 d5 17. exd5 Nbxd5 18. Nxd5 Nxd5 19. Bd2 f5 20. b3 Nc3 21. Bxc3
Qxc3 22. Nxb7 Rd7 23. Bxa6 Rxd1+ 24. Qxd1 Bxb3 25. Nd6 Rc6 26. Nxf5 Bg5 27. Qd7
Bf7 28. Rb1 Rc7 29. Qd6 e4 30. h4 Bf6 31. g3 Qxc2 32. Rb8+ Kh7 33. Ne3 Qc1+ 34.
Bf1 Ra7 35. Qb4 Qc6 36. Bb5 Qc1+ 37. Kg2 Re7 38. Ng4 Qc3 39. Nxf6+ Qxf6 40. a5
Bd5 41. Kg1 Rf7 42. Qc5 Bb7 1/2-1/2

[Event "Ä17Â"]
[Site "Loo"]
[Date "2017.04.23"]
[Round "4.14"]
[White "Ïèâèíà, Ìàðèÿ."]
[Black "Áóäíèêîâà, Âàðâàðà."]
[Result "1/2-1/2"]
[WhiteElo "1827"]
[BlackElo "1900"]
[PlyCount "95"]
[EventDate "2017.04.20"]

1. e4 c5 2. Nf3 Nc6 3. d4 cxd4 4. Nxd4 g6 5. c4 Nf6 6. Nc3 Nxd4 7. Qxd4 d6 8.
Be3 Bg7 9. Be2 O-O 10. Qd2 Be6 11. Rc1 Qa5 12. f3 Rfc8 13. b3 a6 14. Na4 Qxd2+
15. Kxd2 Nd7 16. Nc3 Kf8 17. Nd5 Bxd5 18. cxd5 Bb2 19. Rxc8+ Rxc8 20. Rb1 Bc3+
21. Kd1 Bg7 22. Rc1 Rxc1+ 23. Kxc1 Ke8 24. Kc2 Kd8 25. b4 Bf6 26. f4 Bg7 27. a4
Kc7 28. a5 Kd8 29. Kd3 Bh6 30. g4 Bg7 31. g5 h6 32. h4 hxg5 33. hxg5 Bb2 34.
Bg4 Kc7 35. Bd2 Kd8 36. Kc2 Bd4 37. Kd3 Bb2 38. Kc4 Kc7 39. Be3 Kd8 40. b5
axb5+ 41. Kxb5 Bc3 42. Bh3 Kc7 43. f5 Nc5 44. fxg6 fxg6 45. Bxc5 dxc5 46. Be6
Bd2 47. Bf7 Bxg5 48. Bxg6 1/2-1/2

[Event "Ä17Â"]
[Site "Loo"]
[Date "2017.04.23"]
[Round "4.15"]
[White "Çèííàòóëëèíà, Àäåëÿ."]
[Black "Øàõìàòîâà, Êñåíèÿ."]
[Result "1-0"]
[WhiteElo "1778"]
[BlackElo "1903"]
[PlyCount "135"]
[EventDate "2017.04.20"]

1. d4 Nf6 2. Nf3 e6 3. c4 b6 4. g3 Bb7 5. Bg2 Bb4+ 6. Bd2 Bxd2+ 7. Nbxd2 O-O 8.
O-O d6 9. Qc2 c5 10. e4 cxd4 11. Nxd4 Nc6 12. Nxc6 Bxc6 13. Rfe1 Rc8 14. b3 Qc7
15. Rad1 Qb7 16. Qb2 Rfd8 17. f4 h6 18. Re2 d5 19. cxd5 exd5 20. e5 Ne4 21.
Nxe4 dxe4 22. Rde1 e3 23. Bxc6 Rxc6 24. Rxe3 Rdc8 25. R3e2 Qe7 26. Rd1 Qc5+ 27.
Kg2 Qb5 28. a4 Qb4 29. Rd4 Qc3 30. Qxc3 Rxc3 31. b4 R3c4 32. Red2 Rxd4 33. Rxd4
Rc2+ 34. Kf3 Rxh2 35. Rd8+ Kh7 36. Rd7 Kg6 37. Rxa7 Rb2 38. b5 Rb3+ 39. Kg4 h5+
40. Kh4 Rb2 41. Kh3 Ra2 42. Rb7 Rxa4 43. Rxb6+ Kf5 44. Rb7 Kg6 45. Kg2 Rb4 46.
b6 Rb3 47. Kf2 Rb2+ 48. Kf3 Rb3+ 49. Kf2 Rb2+ 50. Kf3 Rb3+ 51. Kg2 Rb2+ 52. Kh3
Rb3 53. Kg2 Rb2+ 54. Kf3 Rb3+ 55. Ke4 Rxg3 56. f5+ Kh7 57. Rxf7 h4 58. b7 Rb3
59. f6 h3 60. Rxg7+ Kh8 61. Rg3 h2 62. b8=Q+ Rxb8 63. Rh3+ Kg8 64. Rxh2 Rb4+
65. Kf5 Rb1 66. Ra2 Rb8 67. Kg6 Kf8 68. Rh2 1-0

[Event "Ä17Â"]
[Site "Loo"]
[Date "2017.04.23"]
[Round "4.16"]
[White "Ñêîìîðîõèíà, Åêàòåðèíà."]
[Black "Òàíäåëîâà, Èðèíà."]
[Result "1-0"]
[WhiteElo "1917"]
[BlackElo "1271"]
[PlyCount "37"]
[EventDate "2017.04.20"]

1. d4 d5 2. Bf4 c6 3. c3 Nf6 4. Nf3 e6 5. e3 Be7 6. Bd3 Nbd7 7. Nbd2 O-O 8. Ne5
c5 9. Qf3 Nxe5 10. dxe5 Ne8 11. h4 f6 12. Qh5 g6 13. Bxg6 hxg6 14. Qxg6+ Ng7
15. Bh6 Rf7 16. Nf3 Qe8 17. Bxg7 Bf8 18. Bxf6+ Bg7 19. Bxg7 1-0

[Event "Ä17Â"]
[Site "Loo"]
[Date "2017.04.23"]
[Round "4.17"]
[White "Êîáçåâà, Òàòüÿíà."]
[Black "Ôîêèíà, Ýëèíà."]
[Result "0-1"]
[WhiteElo "1753"]
[BlackElo "1878"]
[PlyCount "72"]
[EventDate "2017.04.20"]

1. e4 c5 2. Nc3 Nc6 3. d3 g6 4. g3 Bg7 5. Bg2 e6 6. f4 Nge7 7. Nf3 O-O 8. O-O
d5 9. Qe1 b6 10. Nh4 Nb4 11. Qe2 Nec6 12. a3 Nd4 13. Qd2 Nbxc2 14. Ra2 Bb7 15.
e5 g5 16. fxg5 Bxe5 17. b3 Rc8 18. Rxc2 Nxc2 19. Qxc2 c4 20. dxc4 Ba6 21. Rd1
Qc7 22. Ne2 Qc5+ 23. Kh1 dxc4 24. bxc4 Bxc4 25. Qe4 Bd5 26. Qe3 Qc2 27. Qd3
Qxd3 28. Rxd3 Bc4 29. Re3 Bxe2 30. Bd2 Rc2 31. Rxe2 Bc3 32. Bxc3 Rxe2 33. Bf3
Ra2 34. Bb4 Rc8 35. Ng2 Rc1+ 36. Ne1 a5 0-1

[Event "Ä17Â"]
[Site "Loo"]
[Date "2017.04.23"]
[Round "4.18"]
[White "Ïîëçóíîâà, Àíàñòàñèÿ."]
[Black "Áû÷åíêîâà, Þëèÿ."]
[Result "1-0"]
[WhiteElo "1814"]
[BlackElo "1730"]
[PlyCount "87"]
[EventDate "2017.04.20"]

1. e4 c5 2. Nc3 Nc6 3. g3 Nf6 4. Bg2 g6 5. d3 Bg7 6. f4 d6 7. Nf3 Bd7 8. O-O
O-O 9. h3 a6 10. g4 b5 11. Be3 Rc8 12. Qd2 Na5 13. f5 Re8 14. Bh6 Bh8 15. Qg5
e6 16. Nh4 Qe7 17. fxg6 hxg6 18. Nxg6 fxg6 19. Qxg6+ Bg7 20. Bxg7 Qxg7 21. Qxf6
Qxf6 22. Rxf6 Kg7 23. Raf1 Rf8 24. Rxf8 Rxf8 25. Rxf8 Kxf8 26. Kf2 Nc6 27. Ne2
Nb4 28. g5 Nxc2 29. a3 b4 30. axb4 Nxb4 31. Ke3 Bb5 32. Nc1 Nc2+ 33. Kd2 Nd4
34. Ne2 Nb3+ 35. Kc3 Na5 36. Nf4 Ke7 37. h4 Nc6 38. Bh3 Nd4 39. Bg4 Be8 40. h5
Kf7 41. h6 e5 42. Nd5 Kg6 43. Bh5+ Kxh5 44. h7 1-0

[Event "Ä17Â"]
[Site "Loo"]
[Date "2017.04.23"]
[Round "4.19"]
[White "Åìåëüÿíîâà, Âèêòîðèÿ."]
[Black "Çàõàðîâà, Òàòüÿíà."]
[Result "0-1"]
[WhiteElo "1713"]
[BlackElo "1811"]
[PlyCount "78"]
[EventDate "2017.04.20"]

1. d4 d5 2. c4 e5 3. dxe5 d4 4. Nf3 Nc6 5. Nbd2 Nge7 6. Nb3 Ng6 7. Nbxd4 Ngxe5
8. Nxc6 Qxd1+ 9. Kxd1 Nxc6 10. Bf4 Be6 11. Bxc7 Rc8 12. Bf4 Rd8+ 13. Kc1 Bxc4
14. e3 Bd5 15. Be2 Be7 16. a3 O-O 17. Rd1 Na5 18. Kb1 Nb3 19. g3 Nxa1 20. Kxa1
Bxf3 21. Rxd8 Rxd8 22. Bxf3 Rd2 23. Bxb7 Rxf2 24. e4 Rxh2 25. Bb8 Bc5 26. Be5
Rg2 27. Ka2 Bf2 28. Kb3 Bxg3 29. Bd4 Bf2 30. e5 Rg3+ 31. Bc3 Bd4 32. Kb4 Bxc3+
33. bxc3 Re3 34. c4 Kf8 35. c5 Ke7 36. a4 Rxe5 37. Kb5 Kd7 38. a5 Kc7 39. Ka6
Rxc5 0-1

[Event "Ä17Â"]
[Site "Loo"]
[Date "2017.04.23"]
[Round "4.21"]
[White "Ìóðàâüåâà, Êñåíèÿ."]
[Black "Ïàíêîâà, Þëèÿ."]
[Result "0-1"]
[WhiteElo "1369"]
[BlackElo "1786"]
[PlyCount "34"]
[EventDate "2017.04.20"]

1. e4 c5 2. c3 d5 3. exd5 Qxd5 4. d4 Nf6 5. Nf3 Bg4 6. Be2 e6 7. O-O Nc6 8. a3
Rd8 9. h3 Bh5 10. c4 Qf5 11. g4 Bxg4 12. hxg4 Qxg4+ 13. Kh1 Qh3+ 14. Kg1 Bd6
15. Be3 cxd4 16. Bxd4 Nxd4 17. Qa4+ Kf8 0-1

[Event "Ä17Â"]
[Site "Loo"]
[Date "2017.04.23"]
[Round "4.22"]
[White "Èâàí÷åíêî, Àëåêñàíäðà."]
[Black "Áó÷åëüíèêîâà, Êñåíèÿ."]
[Result "1/2-1/2"]
[WhiteElo "1684"]
[BlackElo "1776"]
[PlyCount "100"]
[EventDate "2017.04.20"]

1. e4 e5 2. Bc4 Nf6 3. Nc3 Bc5 4. d3 d6 5. Be3 Bb6 6. Nge2 Nc6 7. O-O h6 8.
Bxb6 axb6 9. f4 Ng4 10. Qd2 Be6 11. Bxe6 fxe6 12. h3 Nf6 13. f5 Qd7 14. Ng3
O-O-O 15. a4 h5 16. Qg5 Nd4 17. fxe6 Nxe6 18. Qf5 Nd4 19. Qxd7+ Nxd7 20. Rf7
Nxc2 21. Rc1 Nb4 22. Nb5 Nc6 23. Rxg7 Rdg8 24. Rxg8+ Rxg8 25. Nxh5 Nc5 26. Nf6
Rg7 27. Nd5 Nxd3 28. Rc2 Nc5 29. Nbc3 Nd4 30. Rf2 Nd3 31. Rf8+ Kd7 32. b4 Ne1
33. g4 Nef3+ 34. Kg2 Ng5 35. Kg3 Nde6 36. Rf6 Kc6 37. Ne3 Nf4 38. Rh6 Nf7 39.
Nf5 Nxh6 40. Nxg7 Kd7 41. Nf5 Nf7 42. h4 c6 43. g5 d5 44. exd5 cxd5 45. Kg4 Ke6
46. h5 Nxh5 47. Kxh5 Kxf5 48. g6 Nd6 49. Nxd5 Ne8 50. Kh6 e4 1/2-1/2

[Event "Ä17Â"]
[Site "Loo"]
[Date "2017.04.23"]
[Round "4.24"]
[White "Ñòðîãàíîâà, Êàðèíà."]
[Black "Åãîðîâà, Âàëåíòèíà."]
[Result "1-0"]
[WhiteElo "1790"]
[BlackElo "1642"]
[PlyCount "101"]
[EventDate "2017.04.20"]

1. d4 d5 2. Bf4 Nf6 3. Nf3 e6 4. e3 Bd6 5. Bg3 Ne4 6. Bh4 Be7 7. Bxe7 Qxe7 8.
c3 O-O 9. Bd3 Nf6 10. Nbd2 Nbd7 11. Ne5 Nxe5 12. dxe5 Nd7 13. Nf3 f6 14. Qc2 g6
15. exf6 Qxf6 16. h4 e5 17. e4 dxe4 18. Bxe4 Nc5 19. Bd5+ Kg7 20. O-O Bf5 21.
Qd2 Rad8 22. Qe3 Rxd5 23. c4 Rd7 24. Qxc5 e4 25. Ne1 b6 26. Qa3 Qxh4 27. Qxa7
Bg4 28. Qa4 Rdf7 29. Qc2 Be6 30. Rd1 e3 31. Qc3+ Kg8 32. Qxe3 Qxc4 33. b3 Qc6
34. Nf3 Re7 35. Nd4 Qe8 36. Rfe1 Rf6 37. Rd2 c5 38. Nf3 Kg7 39. Rd6 h6 40. Rxb6
Qc8 41. Qe4 Kf7 42. Ne5+ Kg7 43. Ng4 Bxg4 44. Qxe7+ Rf7 45. Qe5+ Kh7 46. Qd6
Qf5 47. f3 Bh5 48. Re7 g5 49. Qxh6+ Kg8 50. Rb8+ Rf8 51. Qg7# 1-0

[Event "Ä17Â"]
[Site "Loo"]
[Date "2017.04.23"]
[Round "4.25"]
[White "Ïîïîâà, Äàðüÿ."]
[Black "Ýñàóëîâà, Ìàðôà."]
[Result "1/2-1/2"]
[WhiteElo "1504"]
[BlackElo "1826"]
[PlyCount "68"]
[EventDate "2017.04.20"]

1. d4 Nf6 2. c4 g6 3. Nc3 d5 4. cxd5 Nxd5 5. e4 Nxc3 6. bxc3 Bg7 7. Nf3 c5 8.
Bb5+ Bd7 9. Bxd7+ Qxd7 10. O-O cxd4 11. cxd4 Nc6 12. Be3 Rd8 13. Rb1 O-O 14. d5
Ne5 15. Nxe5 Bxe5 16. Bh6 Rfe8 17. f4 Bh8 18. Qb3 e6 19. Rbd1 exd5 20. Rxd5 Qc6
21. Rfd1 Rxd5 22. Qxd5 Qb6+ 23. Kh1 Bf6 24. e5 Rd8 25. Qf3 Be7 26. h3 Rxd1+ 27.
Qxd1 Qc7 28. Qa4 Qb8 29. Qd7 Bf8 30. e6 fxe6 31. Qxe6+ Kh8 32. Qf6+ Kg8 33.
Qe6+ Kh8 34. Qf6+ Kg8 1/2-1/2

[Event "Ä19"]
[Site "Loo"]
[Date "2017.04.23"]
[Round "4.1"]
[White "Ïîòàïîâà, Ìàðãàðèòà."]
[Black "Òèøîâà, Ñâåòëàíà."]
[Result "1-0"]
[WhiteElo "2096"]
[BlackElo "2177"]
[PlyCount "65"]
[EventDate "2017.04.20"]

1. e4 c5 2. Nf3 d6 3. d4 cxd4 4. Nxd4 Nf6 5. Nc3 a6 6. Nb3 e6 7. g4 h6 8. Be3
Nbd7 9. f3 b5 10. Qd2 Bb7 11. g5 hxg5 12. Bxg5 Qc7 13. O-O-O b4 14. Ne2 d5 15.
exd5 Bxd5 16. Ned4 Ne5 17. Bf4 Nh5 18. Bg5 f6 19. Be3 Nxf3 20. Nxf3 Bxf3 21.
Bd3 Be7 22. Nd4 Bd5 23. Bg6+ Kf8 24. Kb1 Rd8 25. Qf2 f5 26. Rhe1 Nf6 27. Bf4
Qa5 28. Nxe6+ Bxe6 29. Rxd8+ Qxd8 30. Rxe6 Ng4 31. Qe1 Nxh2 32. Rxe7 Qxe7 33.
Bd6 1-0

[Event "Ä19"]
[Site "Loo"]
[Date "2017.04.23"]
[Round "4.2"]
[White "Áîðèñîâà, Åêàòåðèíà."]
[Black "Àðóòþíîâà, Àñÿ."]
[Result "0-1"]
[WhiteElo "2078"]
[BlackElo "2125"]
[PlyCount "82"]
[EventDate "2017.04.20"]

1. d4 f5 2. Nc3 d5 3. Bg5 Nf6 4. f3 Nc6 5. Qd2 e6 6. e4 dxe4 7. Bb5 Bb4 8. a3
Ba5 9. O-O-O O-O 10. Nge2 h6 11. Bh4 exf3 12. gxf3 Ne4 13. fxe4 Qxh4 14. exf5
Rxf5 15. Bd3 Rf8 16. Rhg1 Bd7 17. Rg2 Rf7 18. Bg6 Rf2 19. Qe1 Raf8 20. b4 Nxb4
21. axb4 Bxb4 22. Rxf2 Rxf2 23. h3 Qg5+ 24. Kb2 Rf6 25. Bd3 Qa5 26. Ra1 Qb6 27.
Kc1 c5 28. Qg1 Bc6 29. Nd1 cxd4 30. Qxd4 Bc5 31. Qc3 Bd5 32. Qa5 Qd6 33. Ndc3
Bc6 34. Kb2 Bb6 35. Qa3 Bc5 36. Qb3 Rf3 37. Qc4 Rxh3 38. Rd1 Qe7 39. Qg4 Rh4
40. Qg6 Qf6 41. Qh7+ Kf7 {äàëåå çàïèñü íåðàçáîð~~èâà} 0-1